Southville International School and Colleges
Your cart is empty.
  • Cart
  • Lists
    Public lists Eva Luna New books Lux_list list_1
    Your lists Log in to create your own lists
  • Log in to your account
  • Your cookies
  • Search history
Southville International School and Colleges
  • Advanced search
  • Recent comments
  • Most popular
  • Libraries

Log in to your account

Log in with GOOGLE


If you do not have an external account, but do have a local account, you can still log in:

  1. Home
  2. MARC view: Modern physics : the scenic route
Normal view MARC view ISBD view

Modern physics : the scenic route (Record no. 365385)

[ view plain ]
MARC details
000 -LEADER
fixed length control field 00581nam a22001937a 4500
003 - CONTROL NUMBER IDENTIFIER
control field 0
005 - DATE AND TIME OF LATEST TRANSACTION
control field 20230925135304.0
008 - FIXED-LENGTH DATA ELEMENTS--GENERAL INFORMATION
fixed length control field 230925b xxu||||| |||| 00| 0 eng d
020 ## - INTERNATIONAL STANDARD BOOK NUMBER
International Standard Book Number 978-981-124-317-2
050 ## - LIBRARY OF CONGRESS CALL NUMBER
Classification number QC 21.3
Item number .B45 2022
100 ## - MAIN ENTRY--PERSONAL NAME
Personal name Bellantoni, Leo
245 ## - TITLE STATEMENT
Title Modern physics : the scenic route
Statement of responsibility, etc Leo Bellantoni
260 ## - PUBLICATION, DISTRIBUTION, ETC. (IMPRINT)
Place of publication, distribution, etc London
Name of publisher, distributor, etc World Scientific Publishing Co., Pte. Ltd.
Date of publication, distribution, etc c2022.
300 ## - PHYSICAL DESCRIPTION
Extent xiii, 190 pages ;
Dimensions 23 cm.
500 ## - GENERAL NOTE
General note Physics.
504 ## - BIBLIOGRAPHY, ETC. NOTE
Bibliography, etc Includes bibliographical references and index.<br/>
650 ## - SUBJECT ADDED ENTRY--TOPICAL TERM
Topical term or geographic name as entry element Physics.
942 ## - ADDED ENTRY ELEMENTS (KOHA)
Source of classification or shelving scheme Library of Congress Classification
Koha item type Books
Holdings
Withdrawn status Lost status Source of classification or shelving scheme Damaged status Home library Current library Shelving location Date acquired Source of acquisition Sub Shelving location Total Checkouts Full call number Barcode Date last seen Price effective from Koha item type
    Library of Congress Classification   College Library College Library Reserve Section 09/25/2023 Library Fund     QC 21.3 .B45 2022 C23038 09/25/2023 09/25/2023 Books

Modern physics : the scenic route

APA

Bellantoni L., . (2022). Modern physics : the scenic route. London: World Scientific Publishing Co., Pte. Ltd.

Chicago

Bellantoni Leo, . 2022. Modern physics : the scenic route. London: World Scientific Publishing Co., Pte. Ltd.

Harvard

Bellantoni L., . (2022). Modern physics : the scenic route. London: World Scientific Publishing Co., Pte. Ltd.

MLA

Bellantoni Leo, . Modern physics : the scenic route. London: World Scientific Publishing Co., Pte. Ltd. 2022.

  • Place hold
  • Print
  • Cite
  • Add to your cart (remove)
  • Save record
    BIBTEX Dublin Core MARCXML MARC (non-Unicode/MARC-8) MARC (Unicode/UTF-8) MARC (Unicode/UTF-8, Standard) MODS (XML) RIS
  • More searches
    Search for this title in:
    Other Libraries (WorldCat) Other Databases (Google Scholar) Online Stores (Bookfinder.com) Open Library (openlibrary.org)

Exporting to Dublin Core...

SOUTHVILLE LIBRARY

Southville International School and Colleges Library

1281 Tropical Ave. Cor. Luxembourg St., BF Homes International, Las Pinas City

Tel. No. 8256374 / 252358 Loc. 117/146

Powered by Koha